Bez krstu, ale s nádejou

Podrobná bibliografia
Hlavný autor: Soviar, Juraj, 1973- (Autor)
Médium: Článok
Jazyk:slovenčina
Predmet:

MARC

LEADER 00000nab a2200000 a 4500
001 vtls000536101
003 SK-MaSNL
005 20260303005658.0
008 120928c xo 0 slo
015 |a SNBRB19rr/mm-uuuuu 
035 |a CL0536239 
040 |a SNKBUCL  |b slo  |c SNKBUCL  |e AACR2 
041 0 |a slo 
044 |a xo  |c SK 
080 |a 784.66:78.071.2  |2 1981 
080 |a 78.071.2  |2 1981 
100 1 |a Soviar, Juraj,  |d 1973-  |4 aut  |9 179562 
245 1 0 |a Bez krstu, ale s nádejou  |c Juraj Soviar 
600 1 7 |a Gombitová, Marika  |d 1956-  |t Zostaň (nahrávka CD)  |2 snkbucl  |9 986107 
650 0 7 |a Zostaň (nahrávka CD)  |2 snkbucl  |9 986108 
655 7 |a články z novín a časopisov  |2 snkbucl  |9 267496 
773 0 |t Pravda  |g Roč. 4 (75), č. 291 (16. 12. 1994), s. 9 
850 |a Slovenská národná knižnica v Martine  |a MTA001 
852 |a SNK  |b KIS3GCP 
958 |a RK 
992 |a RBX 
999 |c 1583813  |d 1585743